000 00826nam a22002657a 4500
005 20170124110222.0
010 _aA-950569
020 _c275.00
_a9788120312630
035 _aA-950569
037 _bCen Lib/Ret
040 _aDPL
_bEN
082 _a621.3
_bKOT
100 _aKothari, D.P.
_940037
245 _aTheory and problems of basic electrical engineering /
_cby D.P. Kothari [and] I.J. Nagrath
260 _aNew Delhi
_bPrentice Hall
_c1998
270 _aM-97,Connaught Circus
_bNew Delhi
_e110001
300 _aviii,510p.
_c23cm(pbk)
500 _aIncludes bibliographical reference and index
650 _aElectrical engineering
_940038
650 _aElectric machinery
_940039
700 _939937
_aNagrath, I.J.
700 _92251
700 _940010
942 _2ddc
_cEN
_h621.3
_mKOT
999 _c134192
_d134192